Southville International School and Colleges
Your cart is empty.
  • Cart
  • Lists
    Public lists Eva Luna New books Lux_list list_1
    Your lists Log in to create your own lists
  • Log in to your account
  • Your cookies
  • Search history
Southville International School and Colleges
  • Advanced search
  • Recent comments
  • Most popular
  • Libraries

Log in to your account

Log in with GOOGLE


If you do not have an external account, but do have a local account, you can still log in:

  1. Home
  2. MARC view: Dracula/
Normal view MARC view ISBD view

Dracula/ (Record no. 9325)

[ view plain ]
MARC details
000 -LEADER
fixed length control field 00941cam a2200313 a 4500
001 - CONTROL NUMBER
control field 1389328
003 - CONTROL NUMBER IDENTIFIER
control field SISC
005 - DATE AND TIME OF LATEST TRANSACTION
control field 20190620131208.0
008 - FIXED-LENGTH DATA ELEMENTS--GENERAL INFORMATION
fixed length control field 821103s1983 enk b 000 1 eng
010 ## - LIBRARY OF CONGRESS CONTROL NUMBER
LC control number 82022324
020 ## - INTERNATIONAL STANDARD BOOK NUMBER
International Standard Book Number 0198314566
040 ## - CATALOGING SOURCE
Original cataloging agency DLC
Transcribing agency DLC
Modifying agency DLC
-- OCoLC
-- DLC
043 ## - GEOGRAPHIC AREA CODE
Geographic area code e-rm---
050 00 - LIBRARY OF CONGRESS CALL NUMBER
Classification number PR 6037
Item number .St921 1999
082 00 - DEWEY DECIMAL CLASSIFICATION NUMBER
Classification number GS 398.22
Item number S67 1997
100 1# - MAIN ENTRY--PERSONAL NAME
Personal name Stoker, Bram,
Dates associated with a name 1847-1912.
9 (RLIN) 13226
245 10 - TITLE STATEMENT
Title Dracula/
Statement of responsibility, etc Bram Stoker.
260 ## - PUBLICATION, DISTRIBUTION, ETC. (IMPRINT)
Place of publication, distribution, etc London :
Name of publisher, distributor, etc Dorling Kindersley,
Date of publication, distribution, etc c1997.
300 ## - PHYSICAL DESCRIPTION
Extent 64 p. :
Dimensions 26 cm.
Other physical details ill. ;
440 #4 - SERIES STATEMENT/ADDED ENTRY--TITLE
Title The World's classics
9 (RLIN) 3016
562 ## - COPY AND VERSION IDENTIFICATION NOTE
Number of copies 1
650 ## - SUBJECT ADDED ENTRY--TOPICAL TERM
Topical term or geographic name as entry element Vampires.
9 (RLIN) 17524
655 #7 - INDEX TERM--GENRE/FORM
Genre/form data or focus term Horror fiction.
Source of term gsafd
9 (RLIN) 3405
700 1# - ADDED ENTRY--PERSONAL NAME
Personal name Wilson, A. N.,
Dates associated with a name 1950-
9 (RLIN) 13231
856 42 - ELECTRONIC LOCATION AND ACCESS
Materials specified Publisher description
Uniform Resource Identifier <a href="http://www.loc.gov/catdir/enhancements/fy0640/82022324-d.html">http://www.loc.gov/catdir/enhancements/fy0640/82022324-d.html</a>
906 ## - LOCAL DATA ELEMENT F, LDF (RLIN)
a 7
b cbc
c orignew
d 1
e ocip
f 19
g y-gencatlg
942 ## - ADDED ENTRY ELEMENTS (KOHA)
Source of classification or shelving scheme Library of Congress Classification
Koha item type Books
Holdings
Withdrawn status Lost status Source of classification or shelving scheme Damaged status Home library Current library Shelving location Date acquired Total Checkouts Full call number Barcode Date last seen Copy number Price effective from Koha item type
    Library of Congress Classification   Luxembourg Library Luxembourg Library High School Section 08/24/2013   PR 6037 .St921 1999 8538 08/24/2013 1 08/24/2013 Books
    Library of Congress Classification   Luxembourg Library Luxembourg Library Grade School Section 09/21/2013   PR 6037 .St921 1997 7775 10/28/2015 1 09/21/2013 Books

Dracula/

APA

Stoker B., Wilson A. N., . (1997). Dracula. London: Dorling Kindersley.

Chicago

Stoker Bram, Wilson A N, . 1997. Dracula. London: Dorling Kindersley.

Harvard

Stoker B., Wilson A. N., . (1997). Dracula. London: Dorling Kindersley.

MLA

Stoker Bram, Wilson A N, . Dracula. London: Dorling Kindersley. 1997.

  • Place hold
  • Print
  • Cite
  • Add to your cart (remove)
  • Save record
    BIBTEX Dublin Core MARCXML MARC (non-Unicode/MARC-8) MARC (Unicode/UTF-8) MARC (Unicode/UTF-8, Standard) MODS (XML) RIS
  • More searches
    Search for this title in:
    Other Libraries (WorldCat) Other Databases (Google Scholar) Online Stores (Bookfinder.com) Open Library (openlibrary.org)

Exporting to Dublin Core...

SOUTHVILLE LIBRARY

Southville International School and Colleges Library

1281 Tropical Ave. Cor. Luxembourg St., BF Homes International, Las Pinas City

Tel. No. 8256374 / 252358 Loc. 117/146

Powered by Koha